000 00525nam a2200181 a 4500
999 _c23966
_d23966
001 kpw01114213
005 20251024080346.0
007 ta
008 110126s2006 xo ||||f||||||||0 0|slo||
020 _a8080454310
040 _aBOD006
_bcze
_csk
072 7 _a37
_xVýchova a vzdělávání
_2Konspekt
245 0 0 _aProfesijný rozvoj učitel´a /
_ckolektiv autorů
250 _a1. vyd.
260 _aPrešov :
_bMetodicko-pedagogické centrum,
_c2006
300 _a161 s.
653 0 _aučitelé
_aučitelství
_avzdělávání